000
00299nam a22001337a 4500
008
170320b xxu||||| |||| 00| 0 eng d
020
_a
9780123740199
041
_a
eng
080
_2
3 ED
_a
616.8
100
_a
7
101
_a
SHM
245
_a
FUNDAMENTAL NEUROSCIENCE
_c
SQUIRE.L.R
942
_2
udc
_c
BK
999
_c
8174
_d
8174